000 00631nam a2200205 a 4500
005 20140310183500.0
008 100104s19uu xx 00 eng d
020 _a0131179098
050 _aTX 911.3.F5
_b.An48 2007
100 _aAndrew, William P.
245 _aFinancial management for the hospitality industry /
_cWilliam P. Andrew
260 _aUpper Saddle River, New Jersey :
_bPrentice Hall,
_c2007.
300 _a636 p. :
_bill. ;
_c24 cm.
521 _aTOU
650 _aHospitality industry
_xFinance.
700 _aDamitio, James W.
700 _aSchmidgall, Raymond S.
942 _cBK
_2lcc
_kFOR
999 _c23856
_d23856